Sports Quiz

Random Sports Quiz

True/False Quiz about Michael Jordan Stats

 Plays Quiz not verified by Sporcle

Score 0/13 Timer 01:00
0 Plays Today
Hint True/False % Correct
????
100%
????
99.3%
????
97.8%
????
96%
????
94.5%
????
92.1%
????
87.8%
????
82.2%
????
76.8%
????
65.1%
????
55.4%
????
43.8%
????
34.1%

You're not logged in!

Compare scores with friends on all Sporcle quizzes.
OR
Log In

Show Comments

Extras

Top Quizzes Today


Score Distribution

Your Account Isn't Verified!

In order to create a playlist on Sporcle, you need to verify the email address you used during registration. Go to your Sporcle Settings to finish the process.

Report this User

Report this user for behavior that violates our Community Guidelines.

Details: